| 000 | 00567nam a2200205Ia 4500 | ||
|---|---|---|---|
| 005 | 20230518131704.0 | ||
| 008 | 131103s9999 xx 000 0 und d | ||
| 040 | _aLoreto College | ||
| 041 | _aEnglish | ||
| 082 |
_a823.91 _bLAW-CHA |
||
| 100 | _aChambers,Jessie (E.T.) | ||
| 245 |
_aD.H.Lawrences _b a personal record _cJessie Chambers (E.T.);edited by J.D.Chambers |
||
| 250 | _a2nd. ed. | ||
| 260 |
_aLondon _bFrank Cass _c1965 |
||
| 300 |
_axli,242 p. _b ill. |
||
| 650 | _aEnglish Fiction | ||
| 700 | _aChambers,J.D.,ed. | ||
| 850 | _aLCLIB | ||
| 942 | _cBK | ||
| 999 |
_c4967 _d55446 |
||